Culture Générale - Série 621 - Statistiques

Statistiques générales
  • Ce quiz a été pris 221 fois
  • Le résultat moyen est 6 sur 10
Statistiques - réponses
Question Réponse % Correct
Dans la légende chrétienne, les Rois mages sont traditionnellement trois : Gaspard, Balthazar et... Melchior
89%
Quel célèbre éléphant, créé par Jean de Brunhoff, les enfants français découvrirent-ils en 1931 ? Babar
82%
Quel auteur italien a écrit le best-seller : "Le Nom de la rose" ? Umberto Eco
74%
Dans le film "Le Dîner de cons", quel est le prénom du personnage incarné par Francis Huster ? Just
73%
Au XVIIIe siècle, quel pharmacien préconisa la culture de la pomme de terre pour lutter contre la disette ? Parmentier
71%
Dans quelle ville du Calvados peut-on admirer la tapisserie dite de la reine Mathilde représentant la conquête de l'Angleterre par les Normands ? Bayeux
64%
De quel département français la ville d'Alençon est-elle le chef-lieu ? Orne
55%
Quel artiste, à la demande d'André Malraux, a peint le plafond sous la coupole de l'Opéra Garnier en 1964 ? Marc Chagall
42%
Dans le film "L'Âge de glace 3 - Le Temps des dinosaures", quel est le nom du tigre aux dents de sabre, à qui Vincent Cassel prête sa voix ? Diego
33%
En 1925, de quel mythe faisant apparaître Eurydice, Jean Cocteau propose-t-il une version moderne ? Orphée
28%
Aucun quiz correspondant
Distribution des résultats
% des personnes avec chaque résultat
Percentile par nombre de réponses
Votre historique - résultats
Vous n’avez pas pris ce quiz